000
00248nam a2200097Ia 4500
001
982815
005
20250826220954.0
008
250824s9999 xx 000 0 und d
245
0
_a
ALLAH SİZİN SAHİBİNİZ
_c
UĞUR KOŞAR
260
_b
DESTEK YAYINLARI
999
_c
982815
_d
982815